| 000 | 00637nam a2200193Ia 4500 | ||
|---|---|---|---|
| 001 | 2556 | ||
| 003 | GE_BSU | ||
| 008 | 181216s||||||||xx |||||||||||||| ||und|| | ||
| 040 | _cGE_BSU | ||
| 080 | _a327(450.34) | ||
| 100 | _aხუბაშვილი,ია | ||
| 245 | _aვენეციისა და ფლორენციის დიპლომატია XIII-XV | ||
| 245 | _cრედ.გ.კუტალია | ||
| 260 | _aთბილისი | ||
| 260 | _c2004 | ||
| 300 | _a287გვ. | ||
| 653 | _aვენეციისა და ფლორენციის დიპლომატია | ||
| 942 | _cBK | ||
| 999 |
_c36636 _d36636 |
||